| 000 | 00704nam a22002297a 4500 | ||
|---|---|---|---|
| 999 |
_c10132 _d10132 |
||
| 003 | AR-CdUCM | ||
| 008 | 190329b ||||| |||| 00| 0 spa d | ||
| 040 |
_aMUNICIPALIDAD PROVINCIAL DEL CUSCO _cBIBLIOTECA MUNICIPAL DEL CUSCO |
||
| 041 | _hfr | ||
| 082 |
_24ed _aEP / 800 / _bV52 |
||
| 100 |
_aVerne. Julio _910153 |
||
| 245 | _aUn viaje a la luna / | ||
| 260 |
_aBarcelona : _bEdiciones Bruguera, _c1963. |
||
| 300 |
_a255 páginas ; _bIlustraciones, _c19 cm. |
||
| 440 |
_aColección historias _926794 |
||
| 505 | _aContenido: Literatura juvenil. | ||
| 650 |
_aLiteratura juvenil _91580 |
||
| 650 |
_aLiteratura universal _9611 |
||
| 650 |
_aFiccion _9184 |
||
| 942 |
_2ddc _cLIBROS |
||
| 945 | _adavv | ||